Lineamientos organizativos y políticos del nivel inicial 1996-2000 (Record no. 8617)

MARC details
000 -LEADER
campo de control de longitud fija 00415nam a2200133Ia 4500
001 - NÚMERO DE CONTROL
campo de control 453
008 - DATOS DE LONGITUD FIJA--INFORMACIÓN GENERAL
campo de control de longitud fija 241024s9999 xx 000 0 und d
082 ## - NÚMERO DE LA CLASIFICACIÓN DECIMAL DEWEY
Número de clasificación RD/372.97293/R426l/8
100 ## - ENTRADA PRINCIPAL--NOMBRE DE PERSONA
Nombre de persona República Dominicana.Secretaria de Estado de Educación y Cultura
245 #0 - MENCIÓN DEL TÍTULO
Título Lineamientos organizativos y políticos del nivel inicial 1996-2000
260 ## - PUBLICACIÓN, DISTRIBUCIÓN, ETC.
Nombre del editor, distribuidor, etc. SEEC
Fecha de publicación, distribución, etc. 2000
901 ## - ELEMENTOS DE DATOS A LOCAL LDA (RLIN)
a 10/11/2010 11:46:54 a.m.

No items available.

© 2024. Todos los Derechos Reservados. Desarrollado por IDEICE